000 00559nam a2200181Ia 4500
008 100920s9999 xx 000 0 und d
082 _b86142
_a520 0
100 _aवाचासुंदर नेहा.
245 _aघरोघरी आयुर्वेद.
260 _bसुखायु,कराड.
_c0
300 _a57
_bसाधी
365 _b10
520 _aशाअ.
630 _aघरोघरी आयुर्वेद.
650 _aशाअ.
730 _aघरोघरी आयुर्वेद.
942 _cBOOK
999 _c726652
_d726649